000 00631cam a22002293a 4500
001 31881
003 PGUSA
005 20140828083705.0
008 100404s2010||||xxu|||||s|||||000 | eng d
040 _aPGUSA
_beng
042 _adc
050 4 _aB
100 1 _aComte, Auguste,
_d1798-1857
245 1 0 _aCours de philosophie positive. (1/6)
_h[electronic resource] /
_cAuguste Comte
260 _bProject Gutenberg,
_c2010
506 _aPublic domain in the USA.
516 _aElectronic text
653 _aPositivism
830 0 _aProject Gutenberg
_v31881
856 4 0 _uhttp://www.gutenberg.org/ebooks/31881
942 _cEB
999 _c261136
_d261136